000 00672naa a2200217 i 4500
001 37707
003 ES-MaBCM
005 20241016104037.0
008 951204s1995 fra 000 0 fre d
021 _axx
035 _a(OCoLC)1365152277
040 _cES-MaBCM
041 0 _afre
043 _afra
100 1 _aVillani, Dominique
_948540
245 1 0 _aQuels sont les recours contre l'homologation d'une convention definitive de divorce par consentement mutuel?
_cDominique Villani
650 2 7 _aDivorcio
_958431
651 4 _aFrancia
_9115364
773 0 _aEn:
_tRecueil Dalloz Sirey
_dParis : 1995
_w104643
_gnÂș 33, sept., p. 253-256. - Loc. S.334
942 _cAREV
999 _c37707
_d37707